Noticia de alguns martellos de pedra, e outros objectos, que foram descobertos em trabalhos antigos da mina de cobre de Ruy Gomes no Alemtejo / (Record no. 189527)

MARC details
000 -LEADER
campo de control de longitud fija 01026nam a2200193 i 4500
001 - NÚMERO DE CONTROL
campo de control 189527
003 - IDENTIFICADOR DE NÚMERO DE CONTROL
campo de control ES-MaACL
005 - FECHA Y HORA DE LA ÚLTIMA TRANSACCIÓN
campo de control 20251014063307.0
008 - DATOS DE LONGITUD FIJA--INFORMACIÓN GENERAL
campo de control de longitud fija 190606s1868 po f |||| | por d
100 1# - ENTRADA PRINCIPAL--NOMBRE DE PERSONA
Nombre de persona Costa, Francisco A. Pereira da,
Fechas asociadas al nombre 1809-1889
9 (RLIN) 167301
245 10 - MENCIÓN DEL TÍTULO
Título Noticia de alguns martellos de pedra, e outros objectos, que foram descobertos em trabalhos antigos da mina de cobre de Ruy Gomes no Alemtejo /
Mención de responsabilidad, etc. por F.A. Pereira da Costa.
260 ## - PUBLICACIÓN, DISTRIBUCIÓN, ETC.
Lugar de publicación, distribución, etc. [Lisboa :
Nombre del editor, distribuidor, etc. Jornal de sciencias mathematicas, physicas e naturaes,
Fecha de publicación, distribución, etc. 1868]
300 ## - DESCRIPCIÓN FÍSICA
Extensión 4 p., [1] h. de lám. ;
Dimensiones 24 cm.
595 ## -
-- Extracto de: Jornal de sciencias mathematicas, physicas e naturaes, 1868, n. V.
599 ## - NOTA A LAS ILUSTRACIONES
NOTA A LAS ILUSTRACIONES Lám.: litogr. de Vasques & C.ª.
651 #4 - PUNTO DE ACCESO ADICIONAL DE MATERIA--NOMBRE GEOGRÁFICO
Nombre geográfico Portugal-
Subdivisión general Restos arqueológicos.
9 (RLIN) 137322
852 ## - LOCALIZACIÓN
Ubicación ES-MaACL
Número de control de estantería L-32428(4)
Nota libre - Enc. cart.
-- - Legado Federico de Botella y de Hornos
-- - Enc. en 1 vol. facticio, con nombre en el lomo de: "Portugal: geología, memorias y documentos varios"
Holdings
Estatus retirado Estado de pérdida Estado de daño No para préstamo Colección Biblioteca de origen Biblioteca actual Ubicación en estantería Fecha de adquisición Fuente de adquisición Total de préstamos Signatura topográfica completa Código de barras Visto por última vez Precio de reemplazo Tipo de ítem Koha
        Libros del s. XIX Biblioteca del Ateneo de Madrid Biblioteca del Ateneo de Madrid Depósito 2 06/06/2019     L-32428(4) 1200822 23/02/2023 23/02/2023 Libro impreso antiguo